[Event "Montigny le Bretonneux Noel op 20th"]
[Site "Montigny le Bretonneux"]
[Date "2019.12.29"]
[Round "6"]
[White "Delmas Goyon, Francois"]
[Black "Drouot, Frederic"]
[Result "0-1"]
[WhiteElo "1916"]
[BlackElo "1976"]
[PlyCount "130"]
[EventDate "2019.12.27"]
[EventType "swiss"]
[EventRounds "7"]
[EventCountry "FRA"]
[SourceTitle "CBM 194 Extra"]
[Source "ChessBase"]
[SourceDate "2020.03.31"]
[SourceVersion "1"]
[SourceVersionDate "2020.03.31"]
[SourceQuality "1"]

1. e4 e5 2. Nf3 Nf6 3. d4 exd4 4. e5 Ne4 5. Qxd4 d5 6. exd6 Nxd6 7. Bg5 Nc6 8. Qd2 Be7 9. Nc3 Bg4 10. Be2 Bxf3 11. Bxe7 Qxe7 12. gxf3 0-0-0 13. Qf4 Rhe8 14. 0-0-0 Qe5 15. Qa4 f5 16. f4 Qa5 17. Qb3 Qb4 18. Qxb4 Nxb4 19. Bf3 c6 20. h4 Na6 21. Rhg1 Re7 22. Rge1 Rxe1 23. Rxe1 Rd7 24. Be2 Nc5 25. b4 Ne6 26. b5 Nxf4 27. bxc6 bxc6 28. Bf3 Kc7 29. Na4 Nb7 30. h5 g6 31. hxg6 hxg6 32. Nb2 Nd6 33. Na4 g5 34. Nc5 Rh7 35. Na6+ Kb6 36. Nb4 c5 37. Nd5+ Nxd5 38. Bxd5 g4 39. Re6 Kc7 40. Kd2 Kd7 41. Rg6 Re7 42. f3 gxf3 43. Bxf3 Nc4+ 44. Kd1 Ne5 45. Rg3 f4 46. Rh3 Rg7 47. Be4 Ng4 48. Ke2 Re7 49. Rh7 Rxh7 50. Bxh7 Ne5 51. Be4 Kc7 52. Kd2 Kb6 53. Bd5 Kb5 54. Kc3 Ka4 55. Kb2 f3 56. Kc3 f2 57. Bg2 Ka3 58. Kd2 Kxa2 59. Ke2 Kb2 60. Be4 a5 61. Kxf2 a4 62. Ke3 a3 63. Bd5 c4 64. Kd4 a2 65. Kxe5 Kc3 0-1

[Event "Montigny le Bretonneux Noel op 20th"]
[Site "Montigny le Bretonneux"]
[Date "2019.12.28"]
[Round "4"]
[White "De Lagontrie, Jean"]
[Black "Drouot, Frederic"]
[Result "0-1"]
[WhiteElo "1699"]
[BlackElo "1976"]
[PlyCount "76"]
[EventDate "2019.12.27"]
[EventType "swiss"]
[EventRounds "7"]
[EventCountry "FRA"]
[SourceTitle "CBM 194 Extra"]
[Source "ChessBase"]
[SourceDate "2020.03.31"]
[SourceVersion "1"]
[SourceVersionDate "2020.03.31"]
[SourceQuality "1"]

1. d4 Nf6 2. c4 d5 3. cxd5 Nxd5 4. e4 Nf6 5. Nc3 e6 6. Nf3 Be7 7. Bd3 Nc6 8. e5 Nd5 9. 0-0 h6 10. a3 Qd7 11. Ne4 b6 12. b4 Bb7 13. Re1 0-0-0 14. Bb2 f5 15. exf6 gxf6 16. Rc1 Rhg8 17. Ng3 Bd6 18. Kh1 Nce7 19. Qc2 Nf4 20. Bf1 Ned5 21. Rcd1 Rg7 22. Bc1 Rh8 23. Bxf4 Nxf4 24. Re3 h5 25. Ne4 Be7 26. Ne1 h4 27. f3 Nd5 28. Rb3 h3 29. g3 f5 30. Nf2 f4 31. g4 Ne3 32. Rxe3 fxe3 33. Ne4 Bh4 34. Qd3 Bf2 35. Be2 Qf7 36. Nxf2 exf2 37. Nc2 Rxg4 38. Rf1 Rhg8 0-1

[Event "Montigny le Bretonneux Autumn 18th"]
[Site "Montigny le Bretonneux"]
[Date "2019.10.23"]
[Round "5"]
[White "Drouot, Frederic"]
[Black "Verat Fayolle, Celian"]
[Result "1-0"]
[WhiteElo "1972"]
[BlackElo "1843"]
[PlyCount "45"]
[EventDate "2019.10.19"]
[EventType "tourn"]
[EventRounds "9"]
[EventCountry "FRA"]
[SourceTitle "CBM 192 Extra"]
[Source "Chessbase"]
[SourceDate "2019.11.06"]
[SourceVersion "1"]
[SourceVersionDate "2019.11.06"]
[SourceQuality "1"]

1. c4 e5 2. Nc3 Nc6 3. d3 f5 4. Nf3 Nf6 5. e4 fxe4 6. Nxe4 Bb4+ 7. Bd2 Bxd2+ 8. Qxd2 d6 9. Be2 0-0 10. 0-0 Bf5 11. Ng3 Bg6 12. Ng5 Nd4 13. h4 h6 14. Nf3 Nc6 15. b4 Qe7 16. Rae1 Nh5 17. b5 Nd8 18. Nxe5 Be8 19. Bxh5 Bxh5 20. Ng6 Qxe1 21. Rxe1 Bxg6 22. Re7 c6 23. Qe2 1-0

[Event "Montigny le Bretonneux Noel op 19th"]
[Site "Montigny le Bretonneux"]
[Date "2018.12.27"]
[Round "1"]
[White "Drouot, Frederic"]
[Black "Gabard, Adrien"]
[Result "1-0"]
[WhiteElo "1987"]
[BlackElo "1494"]
[PlyCount "57"]
[EventDate "2018.12.26"]
[EventType "swiss"]
[EventRounds "7"]
[EventCountry "FRA"]
[SourceTitle "CBM 188 Extra"]
[Source "ChessBase"]
[SourceDate "2019.02.26"]
[SourceVersion "1"]
[SourceVersionDate "2019.02.26"]
[SourceQuality "1"]

1. e4 c5 2. Nf3 d6 3. c3 Nf6 4. Be2 Nc6 5. d4 cxd4 6. cxd4 Bd7 7. Nc3 e6 8. 0-0 Be7 9. d5 exd5 10. exd5 Nb4 11. a3 Na6 12. Bxa6 bxa6 13. Re1 0-0 14. Qe2 Re8 15. Qxa6 Qb6 16. Qxb6 axb6 17. Nd4 Ra5 18. b4 Raa8 19. Nc6 Bxc6 20. dxc6 Ng4 21. Bb2 Ne5 22. Nd5 Rac8 23. Bxe5 dxe5 24. Rxe5 Bd6 25. Rxe8+ Rxe8 26. Nxb6 Rb8 27. Rd1 Bc7 28. Nd5 Be5 29. c7 1-0

[Event "Montigny le Bretonneux Noel op 18th"]
[Site "Montigny le Bretonneux"]
[Date "2017.12.30"]
[Round "7"]
[White "Conq, Alain"]
[Black "Drouot, Frederic"]
[Result "1/2-1/2"]
[WhiteElo "1790"]
[BlackElo "1919"]
[PlyCount "183"]
[EventDate "2017.12.26"]
[EventType "swiss"]
[EventRounds "7"]
[EventCountry "FRA"]
[SourceTitle "CBM 182 Extra"]
[Source "ChessBase"]
[SourceDate "2018.02.23"]
[SourceVersion "1"]
[SourceVersionDate "2018.02.23"]
[SourceQuality "1"]

1. d4 Nf6 2. c4 e6 3. Nf3 Bb4+ 4. Nbd2 b6 5. a3 Bxd2+ 6. Qxd2 Bb7 7. e3 0-0 8. Bd3 d6 9. Qc2 Nbd7 10. e4 e5 11. d5 c6 12. 0-0 Qc7 13. Be3 Rac8 14. Rac1 cxd5 15. cxd5 Qxc2 16. Rxc2 Rxc2 17. Bxc2 Rc8 18. Rc1 Nc5 19. Bxc5 Rxc5 20. Nd2 Kf8 21. Nb3 Rxc2 22. Rxc2 Nxe4 23. Nd2 Nc5 24. Nc4 Ke7 25. Ne3 g6 26. b4 Na6 27. g4 Kd7 28. g5 Nc7 29. Rd2 Nb5 30. a4 Nc3 31. Rd3 Nxa4 32. Ng4 b5 33. Nf6+ Ke7 34. Rh3 Nb6 35. Rxh7 Nxd5 36. Ng8+ Ke8 37. Nh6 Ne7 38. Nxf7 Kd7 39. Rh8 Bd5 40. Nh6 Nc6 41. Rh7+ Ke6 42. Rg7 Be4 43. f3 Bd3 44. Rc7 Nxb4 45. Rxa7 Nc6 46. Rc7 Nd4 47. Kf2 b4 48. Ke3 Bc2 49. f4 b3 50. Rb7 Nf5+ 51. Nxf5 Kxf5 52. fxe5 dxe5 53. Kd2 Kxg5 54. Rh7 Kg4 55. h3+ Kg3 56. Rh6 Kf3 57. Kc1 Kf4 58. h4 Kg4 59. Kb2 Kg3 60. Kc1 Kf2 61. h5 gxh5 62. Rxh5 e4 63. Rh2+ Ke3 64. Kb2 Kd3 65. Rh3+ e3 66. Kc1 Ke4 67. Rh4+ Kf3 68. Rh3+ Kf2 69. Rh2+ Kg3 70. Rh8 Kf2 71. Rf8+ Ke1 72. Rf7 Ke2 73. Rf8 Bd3 74. Kb2 Bc2 75. Kc1 Be4 76. Kb2 Kd3 77. Rd8+ Kc4 78. Re8 Kd4 79. Rd8+ Bd5 80. Re8 Kd3 81. Rd8 Ke4 82. Re8+ Kf3 83. Rf8+ Kg2 84. Re8 Kf2 85. Rf8+ Kg3 86. Rg8+ Kf4 87. Rf8+ Ke5 88. Re8+ Be6 89. Kc3 Kd6 90. Kd3 Kd7 91. Rb8 Kc7 92. Rxb3 1/2-1/2

[Event "Montigny le Bretonneux Noel op 18th"]
[Site "Montigny le Bretonneux"]
[Date "2017.12.29"]
[Round "5"]
[White "Delmas Goyon, Francois"]
[Black "Drouot, Frederic"]
[Result "1/2-1/2"]
[WhiteElo "1902"]
[BlackElo "1919"]
[PlyCount "59"]
[EventDate "2017.12.26"]
[EventType "swiss"]
[EventRounds "7"]
[EventCountry "FRA"]
[SourceTitle "CBM 182 Extra"]
[Source "ChessBase"]
[SourceDate "2018.02.23"]
[SourceVersion "1"]
[SourceVersionDate "2018.02.23"]
[SourceQuality "1"]

1. e4 d6 2. d4 Nf6 3. Bd3 g6 4. f4 Bg7 5. Nf3 Nc6 6. c3 Bg4 7. 0-0 0-0 8. Be3 d5 9. Nbd2 dxe4 10. Nxe4 Nd5 11. Qe2 Nxe3 12. Qxe3 Bxf3 13. Qxf3 e6 14. Rad1 Qd5 15. Bb1 Rad8 16. Qe2 b6 17. Nd2 Ne7 18. Nf3 Qd6 19. Ne5 c5 20. Kh1 Nd5 21. Qe4 Qc7 22. g4 cxd4 23. cxd4 f5 24. Qe2 Qd6 25. Rde1 Nf6 26. gxf5 Qd5+ 27. Nf3 exf5 28. Bd3 Kh8 29. Bc4 Qb7 30. Kg1 1/2-1/2

[Event "Montigny le Bretonneux Noel op 18th"]
[Site "Montigny le Bretonneux"]
[Date "2017.12.29"]
[Round "6"]
[White "Drouot, Frederic"]
[Black "Verat Fayolle, Celian"]
[Result "1-0"]
[WhiteElo "1919"]
[BlackElo "1710"]
[PlyCount "45"]
[EventDate "2017.12.26"]
[EventType "swiss"]
[EventRounds "7"]
[EventCountry "FRA"]
[SourceTitle "CBM 182 Extra"]
[Source "ChessBase"]
[SourceDate "2018.02.23"]
[SourceVersion "1"]
[SourceVersionDate "2018.02.23"]
[SourceQuality "1"]

1. c4 e5 2. Nc3 Nc6 3. Nf3 f5 4. e4 Nf6 5. d3 Bb4 6. Bd2 0-0 7. a3 Bxc3 8. Bxc3 fxe4 9. dxe4 Kh8 10. Qd3 d6 11. Be2 Qe8 12. Nd2 Be6 13. 0-0 Ne7 14. f4 exf4 15. Rxf4 Qg6 16. Raf1 Nc6 17. Nf3 Ng4 18. Nh4 Qe8 19. Rxf8+ Qxf8 20. Rxf8+ Rxf8 21. Bxg4 Bxg4 22. Qg3 Be2 23. Qxg7# 1-0

[Event "Montigny le Bretonneux Noel op 16th"]
[Site "Montigny le Bretonneux"]
[Date "2015.12.30"]
[Round "7"]
[White "Drouot, Frederic"]
[Black "Fayolle, Guy"]
[Result "1/2-1/2"]
[WhiteElo "1961"]
[BlackElo "1706"]
[PlyCount "87"]
[EventDate "2015.12.27"]
[EventType "swiss"]
[EventRounds "7"]
[EventCountry "FRA"]
[SourceTitle "CBM 170 Extra"]
[Source "ChessBase"]
[SourceDate "2016.02.25"]
[SourceVersion "1"]
[SourceVersionDate "2016.02.25"]
[SourceQuality "1"]

1. e4 e5 2. Nf3 Nc6 3. d4 exd4 4. Nxd4 Nf6 5. Nxc6 bxc6 6. Bd3 Bc5 7. 0-0 0-0 8. Kh1 d6 9. Bg5 h6 10. Bh4 g5 11. Bg3 Bg4 12. f3 Bh5 13. Qd2 Nh7 14. Nc3 Bd4 15. f4 Bg7 16. fxg5 hxg5 17. Rae1 Qe7 18. Nd1 Bxd1 19. Qxd1 Bxb2 20. Qh5 f6 21. h4 Be5 22. Re3 Kg7 23. Qg4 Rh8 24. Bxe5 fxe5 25. Bc4 Raf8 26. Ref3 Rxf3 27. Rxf3 Rf8 28. Rxf8 Kxf8 29. Qc8+ Kg7 30. Qg8+ Kh6 31. h5 Qg7 32. Qe6+ Qf6 33. Qe8 g4 34. Be6 g3 35. Bf5 Qh4+ 36. Kg1 Qh2+ 37. Kf1 Qh1+ 38. Ke2 Qxg2+ 39. Kd1 Qf3+ 40. Ke1 Qf2+ 41. Kd1 Qf3+ 42. Ke1 Qe3+ 43. Kd1 Qf3+ 44. Ke1 1/2-1/2

[Event "Montigny le Bretonneux Noel op 16th"]
[Site "Montigny le Bretonneux"]
[Date "2015.12.28"]
[Round "3"]
[White "Benbakir, Ameur"]
[Black "Drouot, Frederic"]
[Result "0-1"]
[WhiteElo "1399"]
[BlackElo "1961"]
[PlyCount "78"]
[EventDate "2015.12.27"]
[EventType "swiss"]
[EventRounds "7"]
[EventCountry "FRA"]
[SourceTitle "CBM 170 Extra"]
[Source "ChessBase"]
[SourceDate "2016.02.25"]
[SourceVersion "1"]
[SourceVersionDate "2016.02.25"]
[SourceQuality "1"]

1. e4 d6 2. Nf3 Nf6 3. Nc3 g6 4. Bc4 Bg7 5. 0-0 0-0 6. h3 c6 7. d3 a5 8. a3 Na6 9. Nh2 b5 10. Ba2 Nc5 11. f4 b4 12. axb4 Na6 13. bxa5 Nb4 14. Bb3 Rxa5 15. Rxa5 Qxa5 16. Bd2 Be6 17. Ba4 Nd7 18. b3 Qc5+ 19. Rf2 Bxc3 20. Bxc3 Qxc3 21. f5 gxf5 22. exf5 Bd5 23. Qd2 Qxd2 24. Rxd2 f6 25. c4 Bf7 26. d4 Nb6 27. Rb2 Ra8 28. Ng4 Nxa4 29. bxa4 Rxa4 30. Nh6+ Kg7 31. Nxf7 Kxf7 32. g4 c5 33. d5 Ra1+ 34. Kg2 Rc1 35. Kf3 Rxc4 36. Rg2 Nxd5 37. g5 Rf4+ 38. Ke2 Rxf5 39. gxf6 Nf4+ 0-1

[Event "Montigny le Bretonneux Noel op 16th"]
[Site "Montigny le Bretonneux"]
[Date "2015.12.27"]
[Round "1"]
[White "Drouot, Frederic"]
[Black "Hedjazian, Farhad"]
[Result "0-1"]
[WhiteElo "1961"]
[BlackElo "1621"]
[PlyCount "84"]
[EventDate "2015.12.27"]
[EventType "swiss"]
[EventRounds "7"]
[EventCountry "FRA"]
[SourceTitle "CBM 170 Extra"]
[Source "ChessBase"]
[SourceDate "2016.02.25"]
[SourceVersion "1"]
[SourceVersionDate "2016.02.25"]
[SourceQuality "1"]

1. e4 c5 2. Nf3 d6 3. d4 cxd4 4. Nxd4 Nf6 5. Nc3 Nc6 6. Be2 g6 7. Be3 Bg7 8. f3 Bd7 9. Qd2 Rc8 10. 0-0-0 Ne5 11. g4 Nc4 12. Bxc4 Rxc4 13. h4 Qa5 14. Nb3 Qc7 15. Bd4 e5 16. Be3 Bf8 17. Bg5 Ng8 18. Nd5 Qc8 19. Na5 Rd4 20. Qc3 Qxc3 21. bxc3 Rxd1+ 22. Rxd1 Bc6 23. Nb4 h5 24. gxh5 Rxh5 25. Naxc6 bxc6 26. Nxc6 a6 27. Nb4 a5 28. Nc6 a4 29. Kb2 f6 30. Be3 Rxh4 31. Nb4 f5 32. exf5 gxf5 33. Nd5 Ne7 34. Bg5 Rh3 35. Nf6+ Kf7 36. Rxd6 Bh6 37. f4 exf4 38. Nh7 Kg7 39. Kc1 Kxh7 40. Bxe7 f3+ 41. Rxh6+ Kxh6 42. Kd1 Rh1+ 0-1

[Event "Montigny le Bretonneux Noel op 15th"]
[Site "Montigny le Bretonneux"]
[Date "2012.12.28"]
[Round "4"]
[White "Baron, Anthony"]
[Black "Drouot, Frederic"]
[Result "1/2-1/2"]
[WhiteElo "1814"]
[BlackElo "2026"]
[PlyCount "87"]
[EventDate "2012.12.26"]
[EventType "swiss"]
[EventRounds "7"]
[EventCountry "FRA"]
[SourceTitle "CBM 152 Extra"]
[Source "ChessBase"]
[SourceDate "2013.02.25"]
[SourceVersion "1"]
[SourceVersionDate "2013.02.25"]
[SourceQuality "1"]

1. e4 Nf6 2. e5 Nd5 3. d4 d6 4. c4 Nb6 5. f4 g6 6. Be3 Bg7 7. Nc3 0-0 8. Qd2 dxe5 9. fxe5 Nc6 10. 0-0-0 Bg4 11. Be2 Bxe2 12. Ngxe2 Nxc4 13. Qd3 Nxe3 14. Qxe3 e6 15. h4 h5 16. g4 Kh7 17. Ne4 Bh6 18. Ng5+ Kg7 19. gxh5 Ne7 20. hxg6 Nf5 21. Qg1 Nxh4 22. Rxh4 Qxg5+ 23. Qxg5 Bxg5+ 24. Kc2 Bxh4 25. gxf7 Rxf7 26. Rg1+ Kf8 27. Rh1 Bf2 28. Rh8+ Kg7 29. Rxa8 c5 30. dxc5 Bxc5 31. Rc8 b6 32. Rd8 Rf2 33. Kd3 a5 34. a3 Rf3+ 35. Kc4 Re3 36. Nd4 Rxe5 37. Nc6 Re1 38. b4 axb4 39. axb4 Bg1 40. Rd6 Kf6 41. Kb5 Rb1 42. Nd4 Ke5 43. Rxe6+ Kd5 44. Rxb6 1/2-1/2